The German Empire, 1871-1918
Saved in:
| Main Author: | |
|---|---|
| Other Authors: | |
| Format: | Book |
| Language: | English German |
| Published: |
Oxford, UK ; Providence :
Berg Publishers,
1993.
|
| Subjects: | |
| Tags: |
Add Tag
No Tags, Be the first to tag this record!
|
MARC
| LEADER | 00000cam a2200000 i 4500 | ||
|---|---|---|---|
| 001 | 1/30985 | ||
| 008 | 060613s1993 enk| ||| |||| ||eng|| | ||
| 020 | |a 090758232X (pbk.) | ||
| 035 | |l 10084288 | ||
| 040 | |a GR-MyUA |b gre |e AACR2 | ||
| 041 | 1 | |a eng |h ger | |
| 082 | 0 | |a 943.084 |2 (22) | |
| 100 | 1 | |a Wehler, Hans Ulrich. | |
| 245 | 1 | 4 | |a The German Empire, 1871-1918 / |c Hans-Ulrich Wehler ; translated from the German by Kim Traynor. |
| 260 | |a Oxford, UK ; Providence : |b Berg Publishers, |c 1993. | ||
| 300 | |a 293 σ. ; |c 22 εκ. | ||
| 500 | |a Τίτλος πρωτοτύπου: Das Deutsche Kaiserreich, 1871-1918. | ||
| 504 | |a Περιέχει βιβλιογραφία (σ. 265-290) και ευρετήριο. | ||
| 651 | 0 | |a Germany |x History |y 1871-1918. | |
| 700 | 1 | |a Traynor, Kim, |e trlf | |
| 852 | |a INST |b LESVOS |e 20060613 |h 943.084 WEH |p 005100036084 |q 005100036084 |t BK |y 0 | ||
| 901 | |a BIBL1-2006-2 | ||
| 909 | |a Λ |b 128624 | ||
| 920 | |a ΕΠΕΑΕΚ ΚΟΙΝΩΝΙΚΗΣ ΑΝΘΡΩΠΟΛΟΓΙΑΣ ΚΑΙ ΙΣΤΟΡΙΑΣ |y Λέσβος |z 2006-05 | ||
| 970 | |a ΚΑΡΑ |b ΓΙΑΣΕΜΗ |z 2006/06/13 | ||